00591nam a22001697a 450000500170000002000260001703700080004324500200005126000310007127000980010230000310020049000230023150000360025494200170029099900170030795200970032420120105100238.0 a9788128627149c125.00 bPUB aEvil's nemesis  aMumbai bEuro Books c2010 aDani Corporat e Park, First Floor, 158, Vidyanagari Marg, Kalina, SantacruzbMumbaie400098 aunpages bill.c18cm(pbk)  aThe phantom 91483 a3 in 1 (3 stories in one book)  2ddccCHmEVI c60313d60313 0010407-1aAGbAGd2012-01-05g125.00l0oEVIr2012-01-05 00:00:00v125.00w2012-01-05yCH